Statistics for song titles in lyrics

Click here to take the quiz!

General Stats

  • This quiz has been taken 118 times
  • The average score is 9 of 30

Answer Stats

lyricsong% Correct
"I'm gonna take my horse to the_____"old town road
90%
" I am a champion, and you're gonna hear
me _____"
roar
88%
" _____, I gave you my heart, but the very next
day you gave it away"
last Christmas
86%
" ______, never gonna let you down,
never gonna turn around and desert you"
never gonna give you up
78%
" my _____ brings all the boys to the yard"milkshake
75%
" I'm in love with the ____, you push and
pull like a magnet too"
shape of you
74%
" ra ra ____, lover of the Russian queen"Rasputin
69%
" you would not believe your eyes if ten
million ______"
fireflies
64%
"when our momma sang us to sleep but
now we're ______"
stressed out
52%
" take me down to ____, where the grass is
green and the girls are pretty"
paradise city
42%
" I"m a _____, I'm a weirdo"creep
40%
"_____ been fakin' me out, can't make you
happier now"
heat waves
25%
"_____ to your new lover, treat her better"send my love
25%
" ____ to say goodbye and I choke, ____
to walk away and I stumble"
I try
18%
" I got ____, I count 'em"new rules
16%
" just like me, they long to be ____"close to you
14%
"why do we scream at each other, this is what
it sounds like ______"
when doves cry
13%
" 'cause I'm about to go to war, and I don't know
if I'm ever gonna ____"
see you again
12%
"______, funk to funky, we know major tom's
a junky"
ashes to ashes
10%
" it's naked, it's _____ and its shakin'"verbatim
5%
" straight out of an icky _____ womb'gooey
4%
" I just wanna rob all the banks and _____"burn rubber
2%
" I'm gone like I'm dancing with angels and I'm
gone through a crack in the past like a ______"
dead man walking
2%
"here is your princess and here is your _____"horizon
2%
"who gives a f**k about my _____"nightmares
2%
"______, she's got her hair and her shoes all
tied up in a noose"
she's a big boy
2%
" we sail tonight for _____, were all as mad as
hatters here'
singapore
2%
" oh fools, ______ bends the rules"the magician
2%
" it doesn't matter the cost cause _________"everybody wants to be famous
1%
" I ______ alive, and it's hopeless, I start to
notice"
still feel
1%

Score Distribution

Percentile by Number Answered

Percent of People with Each Score

Your Score History

You have not taken this quiz